000 00914nam a2200217Ia 4500
003 OSt
005 20241120150109.0
007 ca aa aaaaa
008 201103s9999 xx 000 0 und d
040 _cSSBUL
041 _abur
082 _a၂၉၄.၃၈၂၄ ဒ
_223
_b၉၀၉၆ S-SAT
100 _a ဒဂုဏ်ထွန်း(ဓမ္မကထိက)
_917262
245 0 _aဗုဒ္ဓ၏ဘဝစက်တရား/
_cဒဂုဏ်ထွန်း(ဓမ္မကထိက)
260 _aရန်ကုန် ၊
_bရေသောက်မြစ်စာပေ၊
_c၁၉၇၁။
300 _a၃၇၀ စာမျက်နှာ၊
_c၁၇ စင်တီ။
440 _aစပယ်ဦးစာစဥ်၊
_n(၇၇)။
_955389
500 _aS-SAT: Dr. Sai Aung Tun Collection
650 _aပဋိစ္စသမုပ္ပါဒ်ကျမ်း
_955390
942 _2ddc
_cBK1
999 _c16622
_d16622